书目信息 |
| 题名: |
八荣八耻名言录
|
|
| 作者: | 李广生 主编 | |
| 分册: | ||
| 出版信息: | 天津 百花文艺出版社 2006 |
|
| 页数: | 268页 | |
| 开本: | 21cm | |
| 丛书名: | ||
| 单 册: | ||
| 中图分类: | D64 , B825 | |
| 科图分类: | ||
| 主题词: | 思想政治教育--中国--学习参考资料 , 思想政治教育 , 伦理学 | |
| 电子资源: | ||
| ISBN: | 7-5306-4441-6 | |
| 000 | 00889nam0 2200277 450 | |
| 001 | 0955731300 | |
| 005 | 20090929153017.01 | |
| 010 | @a7-5306-4441-6@dCNY16.00 | |
| 100 | @a20060825d2006 em y0chiy50 ea | |
| 101 | 0 | @achi |
| 102 | @aCN@b120000 | |
| 105 | @aa z 000yy | |
| 106 | @ar | |
| 200 | 1 | @a八荣八耻名言录@e注释版@f李广生主编@Aba rong ba chi ming yan lu |
| 205 | @a2版 | |
| 210 | @a天津@c百花文艺出版社@d2006 | |
| 215 | @a268页@c图@d21cm | |
| 330 | @a本书以胡锦涛总书记提出了“八个为荣、八个为耻”的社会主义荣辱观为主线,选择历史名人名言,锦句、妙语,按照时代顺序编排。 | |
| 606 | 0 | @a思想政治教育@y中国@j学习参考资料 |
| 606 | 0 | @a思想政治教育 |
| 606 | 0 | @a伦理学 |
| 690 | @aD64@v4 | |
| 690 | @aB825@v4 | |
| 701 | 0 | @a李广生@f(1949~)@4主编@Ali guang sheng |
| 801 | 0 | @aCN@b大连网信软件有限公司图书馆·11@c20090929 |
| 905 | @a10447@dB825@eJY119 | |
| 八荣八耻名言录:注释版/李广生主编.-2版 .-天津:百花文艺出版社,2006 |
| 268页:图;21cm |
| ISBN 7-5306-4441-6:CNY16.00 |
| 本书以胡锦涛总书记提出了“八个为荣、八个为耻”的社会主义荣辱观为主线,选择历史名人名言,锦句、妙语,按照时代顺序编排。 |
| ● |
| 相关链接 |
|
|
|
|
正题名:八荣八耻名言录
索取号:B825/JY119
 
预约/预借
| 序号 | 登录号 | 条形码 | 馆藏地/架位号 | 状态 | 备注 |
| 1 | 7820046 | 278200466 | 学院路分馆/ [索取号:B825/JY119] | 在馆 | |
| 2 | 7820047 | 278200475 | 学院路分馆/ [索取号:B825/JY119] | 在馆 |